00821 a2200181 4500003000500000005001700005010001600022020001500038040000900053082001500062100002400077245007500101250001100176260012100187300003400308505026300342650003400605Nust20221007174907.0 a 91010247 a0024154814 cNust00a005.43,STA1 aStallings, William.10aOperating systems internals and design principles/cWilliam Stallings. a6th ed aNew York :bMacmillan ;aToronto :bMaxwell Macmillan Canada ;aNew York :bMaxwell Macmillan International,cc2009. axvl, 682 p. :bill. ;c24 cm. aPART-1: Background (Page-6) PART-2: Processes (Page-105) PART-3: Memory (Page-309) PART-4: Scheduling (Page-404) PART-5: Input/Output and Files (Page-494) PART-6: Embedded Systems (Page-601) PART-7: Security (Page-634) PART-8: Distributed Systems (Page-707). 0aOperating systems (Computers)